00467 2200181 4500001002100000005001500021008004100036020002200077035001900099041000700118082000800125090001400133100003200147245002500179260004000204300002100244650002000265INLIS00000000002600620241224132043241224||||||||| | ||| |||| || |  a978-602-8260-85-5 0010-1224026006 aid0 a817 a817 MER c0 aMercia Christina Sitanggang00aCerita Kesting Gokil aYogyakartabGradien Mediatamac2010 a280 hlm. ; 19 cm 0aFiksi Indonesia